Úžasná organizácia - motivácia pri jej budovaní

Úžasná organizácia je tá, ktorá po každej stránke ľudí motivuje. Preto sa musia stať zamestnanci aktívnymi účastníkmi na plánovaní budúcnosti podniku. Charakteristické črty úžasnej organizácie. Dobre pripravený plán rastu, podpora procesov rastu. Vodcovstvo, motivácia podnikového vodcu.

Na minha lista:
Detalhes bibliográficos
Autor principal: Bartl, Jaroslav
Formato: Capítulo de Livro
Idioma:eslovaco
Assuntos:
Tags: Adicionar Tag
Sem tags, seja o primeiro a adicionar uma tag!

MARC

LEADER 00000naa a2200000 4500
001 0117343
005 20231120112922.8
041 0 |a slo 
044 |a SK 
245 1 0 |a Úžasná organizácia - motivácia pri jej budovaní  |c Jaroslav Bartl 
520 |a Úžasná organizácia je tá, ktorá po každej stránke ľudí motivuje. Preto sa musia stať zamestnanci aktívnymi účastníkmi na plánovaní budúcnosti podniku. Charakteristické črty úžasnej organizácie. Dobre pripravený plán rastu, podpora procesov rastu. Vodcovstvo, motivácia podnikového vodcu. 
610 2 0 |a podnik 
610 2 0 |a efektívnosť 
610 2 0 |a zamestnanci 
610 2 0 |a motivácia pracovná 
610 2 0 |a stimuly pracovné 
610 2 0 |a vodcovstvo 
100 1 |a Bartl, Jaroslav